| 000 | 00374nam a2200169Ia 4500 | ||
|---|---|---|---|
| 100 | _aHenry/Joel | ||
| 650 | _aProject Management | ||
| 942 | _cBK | ||
| 366 | _f25 | ||
| 654 | _aProject management | ||
| 245 | _aSoftware Project Management | ||
| 260 |
_bPearson Eduation _c2004 |
||
| 082 |
_a5.1 _bHEN |
||
| 300 | _a409 | ||
| 546 |
_aENGLISH _celectronics |
||
| 999 |
_c31180 _d31180 |
||